| 000 | 00477cam a22001337a 4500 | ||
|---|---|---|---|
| 008 | 180718b1997 xxu||||| |||| 00| 0 eng d | ||
| 082 | _aZ2x5451 In2 | ||
| 100 | _aIndrakant, S. | ||
| 245 |
_aPublic distribution system: a case study of Andhra Pradesh _cby S. Indrakant |
||
| 260 |
_aNew Delhi _bIndian Council of Social Science Research _c1997 |
||
| 300 | _a105p. | ||
| 650 | _aFood supply - India - Andhra Pradesh | ||
| 650 | _aPublic distribution system - India - Andhra Pradesh | ||
| 999 |
_c492583 _d492583 |
||